|
|
|
|
| LEADER |
00932cam a2200253 7i4500 |
| 001 |
0000010138 |
| 005 |
20210104090000.0 |
| 020 |
|
|
|a 0126775338 (vol. 3)
|
| 020 |
|
|
|a 012677532X (vol. 2)
|
| 020 |
|
|
|a 0126775303 (set)
|
| 090 |
0 |
0 |
|a QR46
|b .M69 2002
|
| 245 |
0 |
0 |
|a Molecular medical microbiology
|c edited by Max Sussman.
|
| 260 |
|
|
|a San Diego:
|b Academic Press,
|c 2002.
|
| 300 |
|
|
|a 3 v. (various pagings):
|b ill. (some col.);
|c 28 cm.
|
| 504 |
|
|
|a Includes bibliographical references and index
|
| 650 |
0 |
0 |
|a Molecular microbiology
|
| 650 |
0 |
0 |
|a Medical microbiology
|
| 700 |
1 |
|
|a Sussman, Max
|
| 997 |
|
|
|a Health Sciences, Faculty
|
| 998 |
|
|
|a Medical Laboratory Technology, Diploma
|
| 998 |
|
|
|a Medical Laboratory Technology, Degree
|
| 999 |
|
|
|a 0000016305
|b BOK
|c OPEN SHELF
|e 1st Floor, Shah Alam
|
| 999 |
|
|
|a 0000016306
|b BOK
|c OPEN SHELF
|e 1st Floor, Shah Alam
|
| 999 |
|
|
|a 0000016307
|b BOK
|c OPEN SHELF
|e 1st Floor, Shah Alam
|